000 00392nam a2200145Ia 4500
008 230917s9999||||xx |||||||||||||| ||und||
040 _e95097
_aMAIN
041 _aEnglish
082 _a843 F617M:M
100 _aFlaubert, Gustative
245 0 _aMadame Bovary: Backgrounds and sources essays in criticism
260 _aNew York
_bW W Norton
_c1965
300 _axiii, 462 p.
942 _cBK
999 _c113628
_d113628